|
|
|
|
| LEADER |
00000nam a22000007a 4500 |
| 005 |
20130426150935.0 |
| 007 |
cr|||| |||| |
| 008 |
130426e2004 sp |||||s|||| 00||0 spa d |
| 020 |
|
|
|a 978-84-9031-185-1
|
| 035 |
|
|
|a 7043
|
| 040 |
|
|
|a vLex
|
| 090 |
|
|
|c 4203
|d 4203
|
| 100 |
1 |
0 |
|a Pereą Vicente, Montserrat
|
| 245 |
1 |
0 |
|a Masas patrimoniales en la sociedad de gananciales
|b Transmisin̤ de su titularidad y gestin̤ entre los cn̤yuges
|c / Montserrat Pereą Vicente
|h [Recurso electrn̤ico]
|
| 256 |
|
|
|a Servicio en ln̕ea
|
| 260 |
|
|
|a Madrid :
|b Dykinson,
|c 2004
|
| 300 |
|
|
|a 1 Recurso electrn̤ico
|
| 506 |
|
|
|d vLex Global
|d vLex Global (Academic Edition, excluding Law Schools)
|d vLex Global (U.S. Academic Edition, Law Schools)
|d vLex Global (U.S. Academic Edition, excluding Law Schools)
|d vLex Global (Academic Edition, Law Schools)
|
| 650 |
0 |
4 |
|a Derecho civil
|z Espaą
|
| 650 |
0 |
4 |
|a Familia y sucesiones
|z Espaą
|
| 650 |
0 |
4 |
|a Matrimonio
|y Espaą
|
| 740 |
|
|
|a vLex Libros (Servicio en ln̕ea)
|
| 856 |
|
|
|a Acceso restringido
|u http://www.vlex.com/source/7043
|
| 942 |
|
|
|c BOOK
|
| 999 |
|
0 |
|b Civil law
|